000 00490nam a2200193Ia 4500
005 20240913125935.0
008 240913s9999||||xx |||||||||||||| ||und||
020 _a81-87134-69-0
041 _aENGLISH
082 _A615.9 P5
100 _aBasu R
245 0 _aFundamentals of Forensic Medicine and Toxicology
250 _a2nd
260 _c2005
_bBooks and Allied (P
500 _aREFERENCE
650 _aForensic Science
_bAllied Health Science
942 _cREF
999 _c246609
_d246609